Finanzas pb︢licas municipales Gua̕ prc̀tica /

Detalles Bibliográficos
Autor principal: Villamizar Jaimes, Mauricio
Formato: eBook
Lenguaje:español
Publicado: Bogot:̀ Ediciones de la U, 2015
Materias:
Acceso en línea:Acceso restringido

MARC

LEADER 00000nam a22000007a 4500
005 20210511001134.0
007 cr|||| ||||
008 210511s2015 co |||||s|||| 00||0 spa d
020 |a 978-958-762-264-5 
035 |a 33402 
040 |a vLex 
090 |c 11641  |d 11641 
100 1 |a Villamizar Jaimes, Mauricio 
245 1 0 |a Finanzas pb︢licas municipales  |h [Recurso electrn̤ico] :  |b Gua̕ prc̀tica /  |c Mauricio Villamizar Jaimes 
256 |a Servicio en ln̕ea 
260 |a Bogot:̀  |b Ediciones de la U,  |c 2015 
300 |a 1 recurso electrn̤ico 
500 |a Todo municipio para desarrollar su objeto social requiere de recursos, cuyo manejo est ̀sujeto a la normatividad vigente, por lo tanto, las finanzas pb︢licas son la base fundamental de la administracin̤ pb︢lica. De ah ̕la importancia de tener un dominio del tema, para quienes tienen relacin̤ con el sector pb︢lico. Las finanzas pb︢licas son una herramienta esencial con que cuentan los gobiernos municipales para la toma de decisiones, a travš de la cual se puede dar cumplimiento a los programas de gobierno, plasmados en los planes de desarrollo, con el fin poder impulsar y propiciar la satisfaccin̤ de necesidades bs̀icas de la poblacin̤ y el desarrollo de los municipios.Con el fin de optimizar el uso de los recursos, es necesario que los municipios garanticen su sostenibilidad financiera, logrando y manteniendo un equilibrio. Para ello, deben cumplir las normas que regulan las finanzas pb︢licas, por lo tanto, su reglamentacin̤ debe ser conocida por todo servidor pb︢lico, con el fin de evitar incurrir en errores. 
506 1 |a Disponible solo en los productos indicados  |d vLex Global  |d vLex Global (Academic Edition, excluding Law Schools)  |d vLex Global (U.S. Academic Edition, Law Schools)  |d vLex Global (U.S. Academic Edition, excluding Law Schools)  |d vLex Global (Academic Edition, Law Schools) 
650 0 4 |a Banca y finanzas  |z Colombia 
740 0 |a vLex Libros (Servicio en ln̕ea) 
856 4 0 |u https://vlex.com/source/finanzas-publicas-municipales-guia-practica-33402  |z Acceso restringido 
942 |c BOOK 
999 0 |a Banking and finances